| 000 | 00881 a2200217 4500 | ||
|---|---|---|---|
| 005 | 20150529131858.0 | ||
| 008 | 150529s2007 nq ||||fs|||| 00| 0 spa d | ||
| 020 | _a[sin ISBN] | ||
| 040 |
_aCO-BoUCM _bspa _cJose A. Gerena _dJose A. Gerena |
||
| 041 | 0 | _aspa | |
| 245 |
_aTicuantepe _bdesarrollo agroecológico en ticuantepe (Nicaragüa). Evaluación y aprendizajes _cdirigido por María Libertad Márquez ; Márquez films |
||
| 260 |
_bMarquez Films _aManagua (Nicaragua) _c2007 |
||
| 300 |
_a1 DVD (40 min) _bimagen, sonido |
||
| 650 | 7 |
_98719 _aAgricultura _zNicaragüa |
|
| 650 | 7 |
_912924 _aDesarrollo agrícola _xNicaragüa |
|
| 651 | 1 |
_aNicaragüa _xAgricultura _969284 |
|
| 690 |
_942915 _aTecnología |
||
| 700 | 1 |
_aMárquez, María Libertad _edirector _969285 |
|
| 942 |
_2DEWEY _a14 _cMULTIMEDIA _e1 _hKLN 630.297285 _mT557 |
||
| 999 |
_c299658 _d299658 |
||